Georgia A-Z - Statistics

General Stats
  • This quiz has been taken 20 times
  • The average score is 16 of 26
Answer Stats
Clue Answer % Correct
X Super Bowl 34, in Roman numerals XXXIV
89%
B MLB team of Atlanta Braves
84%
F Actresses Elle and Dakota Fanning
84%
K Georgia's most famous civil rights leader King
84%
Q State gemstone Quartz
84%
S Largest city on the Georgia coast Savannah
84%
T Forced removal of the Cherokee from Georgia: Trail of _____ Tears
84%
A City with "The Masters" golf tournament Augusta
79%
P Legumes farmed by Jimmy Carter Peanuts
79%
D What the D in CDC stands for Disease
74%
U Major shipping company in Atlanta UPS
74%
H Busiest airport in the world: _________-Jackson Atlanta Hartsfield
68%
E Most prestigious university Emory
63%
J Motto: Wisdom, ______ & Moderation Justice
63%
R Actress in "Pretty Woman" Roberts
63%
V City known for its sweet onions Vidalia
58%
W City near Robins Air Force Base: ______ Robins Warner
58%
Y Country singer: Trisha ________ Yearwood
58%
Z Fast food chain from Statesboro Zaxby's
58%
C City on the Chattahoochee River and the border with Alabama Columbus
42%
I Located near Brunswick: Golden ___s Isle
37%
M Author of "Gone with the Wind" Mitchell
37%
O British founder of the Georgia colony Oglethorpe
37%
G Former senator: Walter F. ______ George
26%
L Largest manmade lake Lanier
26%
N Sport that Hampton is known for NASCAR
16%
No matching quizzes found
Score Distribution
Percent of People with Each Score
Percentile by Number Answered
Your Score History
You have not taken this quiz